| 000 | 01063nam a22002297a 4500 | ||
|---|---|---|---|
| 005 | 20250411104733.0 | ||
| 008 | 250411b |||||||| |||| 00| 0 eng d | ||
| 082 | _aDPer 621.317 Ie21 December 2022 v.37 n. 12 part 1&2. | ||
| 245 |
_aAnalysis and design of ideal transformer-like magnetic coupling wireless power transfer systems / _cZhi-Juan Liao, Fan Wu, Chen-Hui Jiang, Zhang-Ruiwei Chen, and Che-Yang Xia. |
||
| 260 |
_aNew York ; _bThe Institute of Electrical and Electronics Engineers, Inc., _cDecember 2022. |
||
| 300 |
_avolume 37, pages 15728-15739, _billustration. |
||
| 500 | _aIEEE Transactions on Power Electronics, v. 37 n. 12, pages 15538-15553, December 2022. | ||
| 650 | 0 |
_amagnetic coupling. _966361 |
|
| 650 | 0 |
_aposition robustness. _966362 |
|
| 650 | 0 |
_awireless power transfer. _966363 |
|
| 700 |
_aLiao, Zhi-Juan. _eauthor. _966356 |
||
| 700 |
_aWu, Fan. _eauthor. _966357 |
||
| 700 |
_aJiang, Chen-Hui. _eauthor. _966358 |
||
| 700 |
_aChen, Zhang-Ruiwei. _eauthor. _966359 |
||
| 700 |
_aXia, Che-Yang. _eauthor. _966360 |
||
| 942 |
_2ddc _cPER |
||
| 999 |
_c23613 _d23613 |
||